Die Meisten Erraten Deutsche Städte auf Jetpunk - Statistiken

Allgemein
  • Dieses Quiz wurde 773 mal gespielt
  • Das Durchschnittsergebnis liegt bei 17 aus 20
Antwortstatistiken
% Stadt % Korrekt
100 Berlin
100%
99 Hamburg
99%
99 München
99%
97 Köln
97%
94 Stuttgart
94%
96 Frankfurt am Main
93%
92 Düsseldorf
92%
88 Leipzig
92%
92 Bremen
91%
92 Dresden
91%
89 Dortmund
90%
89 Hannover
88%
85 Nürnberg
86%
84 Kiel
80%
83 Essen
78%
79 Mainz
71%
77 Potsdam
68%
75 Bonn
67%
73 Rostock
63%
72 Saarbrücken
52%
Keine übereinstimmenden Quizze gefunden
Verteilung der Resultate
Anzahl Personen mit jedem Resultat
Perzentil nach korrekt beantworteten Fragen
Ihre Resultats-Entwicklung
Sie haben dieses Quiz noch nicht gespielt